[Event "TCh-TUR 2014"]
[Site "Konya TUR"]
[Date "2014.06.23"]
[Round "1.5"]
[White "Ererdem, Gani Eren"]
[Black "Yigit, Ahmet Yasir"]
[Result "1-0"]
[WhiteElo "1905"]
[BlackElo "1844"]
[WhiteTeam "Karaman Belediye Spor Kulubu"]
[BlackTeam "Bursa Buyuksehir Belediyesi"]
[WhiteFideId "6310915"]
[BlackFideId "6356478"]
[EventDate "2014.06.23"]

1. e4 e5 2. Bc4 Nf6 3. d3 d6 4. Nc3 Nc6 5. h3 Be7 6. a3 Be6 7. Nd5 Bxd5 8. exd5
Nb8 9. Ba2 O-O 10. Ne2 Nbd7 11. O-O Nb6 12. c4 Nfd7 13. d4 a5 14. Be3 Bf6 15.
Qc2 exd4 16. Nxd4 Re8 17. Rad1 g6 18. b4 axb4 19. axb4 Bg5 20. Bxg5 Qxg5 21. Nb5
Qd8 22. c5 Nc8 23. Rfe1 Nf6 24. Rxe8+ Nxe8 25. Bb3 Na7 26. Nc3 Qe7 27. c6 b6 28.
Ra1 Qe5 29. Ra2 Nf6 30. Nb5 Nxb5 31. Rxa8+ Kg7 32. Rc8 Qe1+ 33. Kh2 Qxb4 34. Qd3
Qf4+ 35. Qg3 Qd4 36. Qe3 Qh4 37. Kg1 Qb4 38. g4 Nc3 39. g5 Nfe4 40. Bc2 Qc4 41.
Bxe4 Nxe4 42. Re8 Qxd5 43. Rxe4 Qxc6 44. Qd4+ Kg8 45. Qe3 Kf8 46. h4 b5 47. Qf4
Qd5 48. Re3 Qf5 49. Qd4 f6 50. gxf6 g5 51. Kg2 g4 52. Kg3 h5 53. Qf4 Qg6 54. Qg5
Qh7 55. Re7 Qd3+ 56. Kh2 g3+ 57. fxg3 1-0

[Event "TCh-TUR 2014"]
[Site "Konya TUR"]
[Date "2014.06.23"]
[Round "1.5"]
[White "Kamer, Kayra"]
[Black "Ergene, Mertcan"]
[Result "1-0"]
[WhiteElo "1800"]
[BlackElo "1647"]
[WhiteTeam "Bursa Buyuksehir Belediyesi"]
[BlackTeam "Karaman Belediye Spor Kulubu"]
[WhiteFideId "6367879"]
[BlackFideId "6342345"]
[EventDate "2014.06.23"]

1. Nc3 d6 2. e4 g6 3. d4 Bg7 4. Be2 Nc6 5. Be3 e5 6. d5 Nce7 7. h4 f5 8. h5 f4
9. Bd2 g5 10. Bb5+ Bd7 11. Qe2 a6 12. Bxd7+ Qxd7 13. g3 h6 14. O-O-O Nf6 15.
gxf4 gxf4 16. Nf3 O-O-O 17. Rdg1 Rhg8 18. Nh4 Nh7 19. Nd1 Bf6 20. Nf3 Rxg1 21.
Rxg1 Rg8 22. c4 Qe8 23. Rxg8 Qxg8 24. Ne1 Bg5 25. c5 Nf6 26. Qc4 Kb8 27. Ba5 Qc8
28. Bb4 Ne8 29. Nd3 b6 30. c6 Nf6 31. Nxe5 dxe5 32. Bxe7 Nxh5 33. d6 Bxe7 34.
dxe7 Qe8 35. Qe6 Ng7 36. Qd7 Qc8 37. Nc3 h5 38. Nd5 h4 39. Nf6 h3 40. Qd8 h2 41.
Nd7+ Ka7 42. Qxc8 h1=Q+ 43. Kd2 1-0

[Event "TCh-TUR 2014"]
[Site "Konya TUR"]
[Date "2014.06.23"]
[Round "1.5"]
[White "Aluc, Bulut Evrim"]
[Black "Oren, Serife Ecenaz"]
[Result "1-0"]
[WhiteElo "1361"]
[BlackElo "1461"]
[WhiteTeam "Karaman Belediye Spor Kulubu"]
[BlackTeam "Bursa Buyuksehir Belediyesi"]
[WhiteFideId "6364748"]
[BlackFideId "6386881"]
[EventDate "2014.06.23"]

1. d4 d5 2. c4 e6 3. Nc3 c6 4. Nf3 Nf6 5. Bg5 Be7 6. e3 h6 7. Bh4 Nbd7 8. Bd3
O-O 9. h3 Re8 10. Bg3 Nb6 11. c5 Nbd7 12. O-O b6 13. b4 a5 14. a3 Bb7 15. Qc2
Ra7 16. Rfb1 b5 17. Nxb5 cxb5 18. c6 Qc8 19. cxd7 Nxd7 20. Qb3 a4 21. Qd1 Ba6
22. Rc1 Qa8 23. Rc2 Bf6 24. Rac1 e5 25. dxe5 Nxe5 26. Nxe5 Bxe5 27. Bxe5 Rxe5
28. Bxb5 Bb7 29. Rc7 Kh7 30. Rxf7 Qd8 31. Rcc7 Rg5 32. Rxb7 Rxb7 33. Rxb7 Kh8
34. Qc2 g6 35. Qc3+ Kg8 36. Qg7# 1-0

[Event "TCh-TUR 2014"]
[Site "Konya TUR"]
[Date "2014.06.23"]
[Round "1.6"]
[White "Abdulov, Orkhan"]
[Black "Avci, Adem"]
[Result "1-0"]
[WhiteTitle "IM"]
[WhiteElo "2348"]
[BlackElo "1881"]
[WhiteTeam "Callica Genclik Ve Spor Kulubu"]
[BlackTeam "Deniz Genclik Spor Kulubu"]
[WhiteFideId "13402714"]
[BlackFideId "6330541"]
[EventDate "2014.06.23"]

1. e4 e6 2. d4 d5 3. Nd2 Nf6 4. e5 Nfd7 5. Bd3 c5 6. c3 Nc6 7. Ne2 cxd4 8. cxd4
Qb6 9. Nf3 f6 10. exf6 Nxf6 11. O-O Bd6 12. b3 O-O 13. h3 Bd7 14. Be3 Qd8 15.
Rc1 Qe8 16. Qd2 Nh5 17. Ng5 Nf6 18. f4 h6 19. Nf3 Nb4 20. Bb1 Ne4 21. Qb2 Bb5
22. Rfe1 Nd3 23. Bxd3 Bxd3 24. Ne5 Bxe5 25. dxe5 b6 26. Nd4 Rc8 27. Red1 Ba6 28.
Qa3 Nc3 29. Re1 Bd3 30. b4 Qg6 31. Rxc3 Be4 32. Re2 Qg3 33. Bd2 Rxc3 34. Qxc3 1-0

[Event "TCh-TUR 2014"]
[Site "Konya TUR"]
[Date "2014.06.23"]
[Round "1.6"]
[White "Kucuk, Dogan"]
[Black "Metin, Mehmet"]
[Result "0-1"]
[WhiteElo "1909"]
[BlackElo "2183"]
[WhiteTeam "Deniz Genclik Spor Kulubu"]
[BlackTeam "Callica Genclik Ve Spor Kulubu"]
[WhiteFideId "6312985"]
[BlackFideId "6303730"]
[EventDate "2014.06.23"]

1. d4 Nf6 2. c4 c5 3. Nf3 cxd4 4. Nxd4 Nc6 5. Nc3 g6 6. g3 Bg7 7. Bg2 O-O 8. O-O
Nxd4 9. Qxd4 d6 10. Qd3 Bf5 11. e4 Be6 12. Nd5 Bxd5 13. exd5 Nd7 14. Qe2 Rc8 15.
Bh3 Rb8 16. Bg5 Bf6 17. Bxf6 exf6 18. Bxd7 Qxd7 19. a4 Rfe8 20. Qd2 Re4 21. b3
Rbe8 22. Rae1 Qe7 23. Rxe4 Qxe4 24. Qb4 Qe7 25. Rc1 h5 26. c5 dxc5 27. Qxc5 Qd7
28. d6 Qd8 29. Rd1 h4 30. Qd5 Qd7 0-1

[Event "TCh-TUR 2014"]
[Site "Konya TUR"]
[Date "2014.06.23"]
[Round "1.6"]
[White "Umudova, Nargiz"]
[Black "Simsek, Meltem"]
[Result "1-0"]
[WhiteTitle "WIM"]
[WhiteElo "2210"]
[BlackElo "1731"]
[WhiteTeam "Deniz Genclik Spor Kulubu"]
[BlackTeam "Callica Genclik Ve Spor Kulubu"]
[WhiteFideId "13402137"]
[BlackFideId "6306594"]
[EventDate "2014.06.23"]

1. e4 c6 2. d4 d5 3. Nc3 dxe4 4. Nxe4 Bf5 5. Ng3 Bg6 6. h4 h6 7. N1e2 Nf6 8. Nf4
Bh7 9. c3 e6 10. Bc4 Nbd7 11. Qe2 Qe7 12. Bd2 Nb6 13. Bd3 Bxd3 14. Nxd3 Nbd7 15.
O-O-O O-O-O 16. Ne5 Nxe5 17. dxe5 Nd5 18. Ne4 Qc7 19. c4 Kb8 20. Nd6 Nb6 21. Bc3
Na4 22. Bd4 c5 23. Nb5 Qc6 24. Be3 Be7 25. b3 Nb6 26. g4 g6 27. f3 Rxd1+ 28.
Rxd1 h5 1-0

[Event "TCh-TUR 2014"]
[Site "Konya TUR"]
[Date "2014.06.23"]
[Round "1.6"]
[White "Yaylali, Adnan Dogan"]
[Black "Caglar, Ahmet Ata"]
[Result "0-1"]
[WhiteElo "1706"]
[BlackElo "1841"]
[WhiteTeam "Deniz Genclik Spor Kulubu"]
[BlackTeam "Callica Genclik Ve Spor Kulubu"]
[WhiteFideId "6392113"]
[BlackFideId "6328636"]
[EventDate "2014.06.23"]

1. d4 Nf6 2. c4 c5 3. d5 e6 4. Nc3 exd5 5. cxd5 d6 6. e4 g6 7. Nf3 Bg7 8. Be2
O-O 9. O-O Re8 10. Qc2 Bg4 11. h3 Bxf3 12. Bxf3 Nbd7 13. Bf4 Ne5 14. Be2 a6 15.
a4 Qe7 16. Rfe1 Ned7 17. Bf1 Nh5 18. Bh2 Ne5 19. f4 Nd7 20. g4 Bd4+ 21. Kh1 Ng7
22. Bg3 h5 23. Bg2 hxg4 24. hxg4 g5 25. f5 Qf6 26. Bf3 Ne5 0-1

[Event "TCh-TUR 2014"]
[Site "Konya TUR"]
[Date "2014.06.23"]
[Round "1.6"]
[White "Cetinkaya, Vedat Ali"]
[Black "Abasov, Nijat"]
[Result "1/2-1/2"]
[BlackTitle "GM"]
[WhiteElo "2014"]
[BlackElo "2531"]
[WhiteTeam "Deniz Genclik Spor Kulubu"]
[BlackTeam "Callica Genclik Ve Spor Kulubu"]
[WhiteFideId "6301827"]
[BlackFideId "13402960"]
[EventDate "2014.06.23"]

1. d4 Nf6 2. c4 e6 3. e3 b6 4. Nf3 Bb7 5. Bd3 c5 6. O-O Be7 7. Nc3 O-O 8. e4
cxd4 9. Nxd4 Nc6 10. Nxc6 dxc6 11. Bf4 Nd7 12. Qe2 e5 13. Bg3 Bc5 14. Nd1 Qe7
15. Ne3 g6 16. Kh1 f6 17. a3 a5 18. f4 exf4 19. Bxf4 Ne5 20. Bh6 Rfd8 21. Bc2
Bc8 22. h3 Be6 23. b3 Ra7 24. Rf2 Rad7 25. Raf1 Nf7 26. Bf4 Bxa3 27. Bg3 Bb2 28.
Bh4 g5 29. Bg3 Qc5 30. Nd5 Bxd5 31. exd5 Bd4 32. Qe4 Bxf2 33. Bxf2 Qe7 34. Qxh7+
Kf8 35. Bd4 Rd6 36. Bxb6 cxd5 37. Bxa5 dxc4 38. bxc4 Qe2 39. Re1 Qxc4 40. Bxd8
Rxd8 41. Bg6 1/2-1/2

[Event "TCh-TUR 2014"]
[Site "Konya TUR"]
[Date "2014.06.23"]
[Round "1.6"]
[White "Incecik, Seyma Zeynep"]
[Black "Cihangir, Gulderen"]
[Result "1-0"]
[WhiteElo "1477"]
[BlackElo "1232"]
[WhiteTeam "Callica Genclik Ve Spor Kulubu"]
[BlackTeam "Deniz Genclik Spor Kulubu"]
[WhiteFideId "6374948"]
[BlackFideId "6344062"]
[EventDate "2014.06.23"]

1. e4 e5 2. Nf3 Nc6 3. Bc4 Bc5 4. Nc3 Nf6 5. d3 d6 6. Be3 Bb6 7. h3 O-O 8. Bg5
Be6 9. Nd5 Bxd5 10. Bxd5 h6 11. Bh4 Qe7 12. O-O Rab8 13. c3 Nd8 14. d4 g5 15.
Bg3 c6 16. dxe5 dxe5 17. Bxe5 Rc8 18. Bxf6 Qxf6 19. Bb3 Qf4 20. Qd7 Rc7 21. Qg4
Qxg4 22. hxg4 Rd7 23. Rad1 Rc7 24. Nd4 Bxd4 25. cxd4 Re8 26. Rfe1 Kg7 27. d5
Rce7 28. f3 f6 29. d6 Rd7 30. Re2 Nf7 31. Kf2 Nxd6 32. Red2 Nxe4+ 33. fxe4 Rxd2+
34. Rxd2 Re7 35. Kf3 b5 36. Rd6 c5 37. Be6 Rc7 38. Rd7+ 1-0

[Event "TCh-TUR 2014"]
[Site "Konya TUR"]
[Date "2014.06.23"]
[Round "1.7"]
[White "Eldemir, Goksu"]
[Black "Ulvi, Muhammed Ikbal"]
[Result "1-0"]
[WhiteElo "1701"]
[BlackElo "1758"]
[WhiteTeam "Alapli Aktif Genclik Spor Kulubu"]
[BlackTeam "Ataturk Universitesi Spor Kulubu"]
[WhiteFideId "6336728"]
[BlackFideId "6394698"]
[EventDate "2014.06.23"]

1. e4 c5 2. Nc3 Nc6 3. g3 g6 4. Bg2 Bg7 5. d3 d6 6. f4 e6 7. Nf3 Nge7 8. Be3 O-O
9. O-O Rb8 10. Rb1 Nd4 11. Ne2 1-0

[Event "TCh-TUR 2014"]
[Site "Konya TUR"]
[Date "2014.06.23"]
[Round "1.7"]
[White "Kaban, Erhan"]
[Black "Zuhre, Kayra"]
[Result "1/2-1/2"]
[WhiteElo "1992"]
[BlackElo "2034"]
[WhiteTeam "Ataturk Universitesi Spor Kulubu"]
[BlackTeam "Alapli Aktif Genclik Spor Kulubu"]
[WhiteFideId "6330231"]
[BlackFideId "6305601"]
[EventDate "2014.06.23"]

1. Nf3 b5 2. g3 Bb7 3. Bg2 e6 4. O-O Nf6 5. d3 d5 6. Nbd2 Be7 7. b3 O-O 8. Bb2
c5 9. Ne5 Nc6 10. Ndf3 Qc7 11. Qd2 Rfd8 12. Nxc6 Bxc6 13. Be5 Qb7 14. Qf4 Nh5
15. Qg4 Nf6 16. Qh3 b4 17. g4 Nd7 18. Bb2 Bf6 19. Bxf6 Nxf6 20. g5 Nd7 21. Qg4
Qc7 22. d4 a5 23. h4 Bb7 24. h5 Rac8 25. g6 hxg6 26. hxg6 Nf6 27. Qg5 Ne4 28.
Qg4 cxd4 29. Nxd4 Qe5 30. e3 f5 31. Qh3 Kf8 32. Qh5 Nf6 33. Nf3 Qc3 34. Qh8+ Ng8
35. Nd4 Re8 36. Rad1 Qc7 37. Nf3 Qe7 38. Rd4 Qf6 39. Nh4 Ke7 40. Qh5 Nh6 41. Rd2
Ng4 42. Nf3 Rh8 43. Qg5 Qxg5 44. Nxg5 Rh6 45. Nh3 Rxg6 46. Nf4 Rh6 47. Re1 1/2-1/2

[Event "TCh-TUR 2014"]
[Site "Konya TUR"]
[Date "2014.06.23"]
[Round "1.7"]
[White "Maghalashvili, Davit"]
[Black "Kuljasevic, Davorin"]
[Result "1/2-1/2"]
[WhiteTitle "GM"]
[BlackTitle "GM"]
[WhiteElo "2515"]
[BlackElo "2564"]
[WhiteTeam "Ataturk Universitesi Spor Kulubu"]
[BlackTeam "Alapli Aktif Genclik Spor Kulubu"]
[WhiteFideId "13602276"]
[BlackFideId "14506661"]
[EventDate "2014.06.23"]

1. Nf3 Nf6 2. c4 b6 3. g3 c5 4. Bg2 Bb7 5. O-O g6 6. Nc3 Bg7 7. Re1 Nc6 8. e4
O-O 9. e5 Ne8 10. d4 Nxd4 11. Nxd4 Bxg2 12. Kxg2 cxd4 13. Qxd4 d6 14. Bf4 dxe5
15. Qxd8 Rxd8 16. Bxe5 Bxe5 17. Rxe5 e6 18. c5 Nf6 19. cxb6 axb6 20. Rb5 Rd6 21.
a4 Rc8 22. Rd1 Rxd1 23. Nxd1 Rc6 24. Ne3 Ne4 25. Rb4 Nd6 26. Kf3 Kf8 27. Ke2 Ke7
28. Kd3 Nb7 29. Nc4 Nc5+ 30. Kd4 Nd7 31. Rb5 Kd8 32. b4 Kc7 33. f4 h5 34. a5
bxa5 35. bxa5 f6 36. h3 Ra6 37. g4 hxg4 38. hxg4 Kc6 39. Rb1 Ra8 40. g5 Rd8 41.
Kc3 fxg5 42. fxg5 Nc5 43. Ne5+ Kc7 44. Kc4 Rd5 45. Rb5 Ne4 46. Rxd5 exd5+ 47.
Kxd5 Nxg5 48. Nxg6 Kb7 1/2-1/2

[Event "TCh-TUR 2014"]
[Site "Konya TUR"]
[Date "2014.06.23"]
[Round "1.7"]
[White "Swayams, Mishra"]
[Black "Azaladze, Shota"]
[Result "1/2-1/2"]
[WhiteTitle "IM"]
[BlackTitle "IM"]
[WhiteElo "2457"]
[BlackElo "2499"]
[WhiteTeam "Alapli Aktif Genclik Spor Kulubu"]
[BlackTeam "Ataturk Universitesi Spor Kulubu"]
[WhiteFideId "5028183"]
[BlackFideId "13603027"]
[EventDate "2014.06.23"]

1. d4 Nf6 2. c4 g6 3. Nc3 c5 4. d5 Bg7 5. e4 O-O 6. Nf3 e6 7. Be2 exd5 8. exd5
d6 9. h3 Re8 10. O-O Bf5 11. Bd3 Ne4 12. Bxe4 Bxe4 13. Nxe4 Rxe4 14. Qc2 Re8 15.
Bf4 Na6 16. Rae1 Qd7 17. Nd2 f5 18. Nf3 Nc7 19. a4 h6 20. h4 Rxe1 21. Rxe1 Re8
22. Rxe8+ Nxe8 23. Qe2 Nf6 24. b3 Ne4 25. Nd2 Nf6 26. Nf3 Ne4 27. Nd2 Nf6 28.
Nf3 1/2-1/2

[Event "TCh-TUR 2014"]
[Site "Konya TUR"]
[Date "2014.06.23"]
[Round "1.7"]
[White "Ulas, Soner Ilhan"]
[Black "Alaca, Ali"]
[Result "0-1"]
[WhiteElo "1841"]
[BlackElo "1959"]
[WhiteTeam "Alapli Aktif Genclik Spor Kulubu"]
[BlackTeam "Ataturk Universitesi Spor Kulubu"]
[WhiteFideId "6315461"]
[BlackFideId "6306705"]
[EventDate "2014.06.23"]

1. e4 c5 2. d3 Nc6 3. g3 Nf6 4. Bg2 d5 5. Nd2 e5 6. Ngf3 dxe4 7. dxe4 Be7 8. O-O
O-O 9. c3 Qc7 10. Qe2 h6 11. Rd1 Be6 12. Nf1 Rfd8 13. Nh4 Rxd1 14. Qxd1 Rd8 15.
Qe2 Bg4 16. f3 Be6 17. Ne3 Qd7 18. Bf1 Nh5 19. f4 exf4 20. Qxh5 fxe3 21. Nf5
Bxf5 22. exf5 Qd1 23. Qe2 Bf6 24. Kg2 a5 25. a4 Ne5 26. h4 Qd5+ 27. Kh2 Nf3+ 28.
Kh3 0-1

[Event "TCh-TUR 2014"]
[Site "Konya TUR"]
[Date "2014.06.23"]
[Round "1.8"]
[White "Adanmis, Ezgi"]
[Black "Gulay, Ayca Nuriye"]
[Result "1-0"]
[WhiteElo "1531"]
[BlackElo "1653"]
[WhiteTeam "Ego Spor Kulubu"]
[BlackTeam "Samandag Altin Piyon"]
[WhiteFideId "6360017"]
[BlackFideId "6324363"]
[EventDate "2014.06.23"]

1. e4 d6 2. d4 g6 3. Nf3 Bg7 4. Bd3 Nd7 5. O-O Ngf6 6. Bf4 Nh5 7. Be3 O-O 8. Nc3
e5 9. Ne2 exd4 10. Bxd4 Ne5 11. Nxe5 dxe5 12. Bc5 Re8 13. c3 Qg5 14. Be3 Nf4 15.
g3 Nh3+ 16. Kg2 Qh5 17. f4 Bg4 18. Qe1 Bh6 19. Bc4 exf4 20. gxf4 Nxf4+ 21. Nxf4
Bxf4 22. Rxf4 Qh3+ 23. Kg1 Be6 24. Bxe6 Qxe6 25. Bd4 g5 26. Qg3 h6 27. Rf6 Qxe4
28. Rxh6 f6 29. Rxf6 Qh4 30. Rg6+ Kh7 31. Rg7+ Kh6 32. Qd3 Qg4+ 33. Qg3 Qxg3+
34. hxg3 Re2 35. Rf1 Rae8 36. g4 c5 37. Bf6 Re1 38. Rxg5 Rxf1+ 39. Kxf1 Re6 40.
Rh5+ Kg6 41. Bh4 b6 42. Kf2 Rd6 43. Ke3 Re6+ 44. Kf4 Re2 45. Re5 Rh2 46. Bg3
Rxb2 47. g5 Rxa2 48. Re6+ Kg7 1-0

[Event "TCh-TUR 2014"]
[Site "Konya TUR"]
[Date "2014.06.23"]
[Round "1.8"]
[White "Cevrin, Muhammet Cemre"]
[Black "Sumer, Gun"]
[Result "0-1"]
[WhiteElo "1855"]
[BlackElo "1956"]
[WhiteTeam "Samandag Altin Piyon"]
[BlackTeam "Ego Spor Kulubu"]
[WhiteFideId "6312713"]
[BlackFideId "6311784"]
[EventDate "2014.06.23"]

1. e4 c5 2. Nc3 Nc6 3. g3 g6 4. Bg2 Bg7 5. d3 d6 6. f4 e6 7. Nf3 Nge7 8. Be3 Nd4
9. O-O O-O 10. Bf2 Nec6 11. Qd2 Qa5 12. h3 Rb8 13. g4 Nxf3+ 14. Bxf3 Nd4 15. Bg2
Qb4 16. Rfb1 f5 17. a3 Qa5 18. exf5 exf5 19. g5 Be6 20. b4 Qc7 21. Nd1 Rfe8 22.
Kh1 Qf7 23. Ne3 Nb5 24. c4 Bxa1 25. Rxa1 Nc7 26. Rc1 b6 27. Bg1 Rbd8 28. Bc6 Bd7
29. Bf3 Re7 30. Kh2 Qe8 31. Re1 Bc6 32. Bxc6 Qxc6 33. Nxf5 Rxe1 34. Nh6+ Kf8 35.
Qxe1 Qf3 36. Qg3 Qxg3+ 37. Kxg3 Re8 38. Kf2 Ne6 39. Bh2 Nd4 0-1

[Event "TCh-TUR 2014"]
[Site "Konya TUR"]
[Date "2014.06.23"]
[Round "1.8"]
[White "Nagy, Gabor1"]
[Black "Ercan, Fahri"]
[Result "1-0"]
[WhiteTitle "IM"]
[WhiteElo "2428"]
[BlackElo "2013"]
[WhiteTeam "Samandag Altin Piyon"]
[BlackTeam "Ego Spor Kulubu"]
[WhiteFideId "737119"]
[BlackFideId "6301525"]
[EventDate "2014.06.23"]

1. Nf3 Nf6 2. c4 e6 3. d4 d5 4. Nc3 Be7 5. Bf4 O-O 6. e3 c6 7. Qc2 Nbd7 8. h3
Nb6 9. c5 Nbd7 10. Bd3 Re8 11. O-O g6 12. Bh2 Nh5 13. b4 a6 14. a4 f6 15. e4 f5
16. exf5 exf5 17. Rae1 Ndf6 18. Qb3 Bd7 19. Ne5 Kg7 20. Re2 Ne4 21. Bxe4 fxe4
22. Nxe4 dxe4 23. Qf7+ Kh6 24. g4 Rf8 25. gxh5 Bxh3 26. Rxe4 Bg5 27. Qb3 Bxf1
28. Ng4+ Kxh5 29. Kxf1 Bh4 30. Qd1 Qg5 31. Re5 Rf5 32. Ne3+ Kh6 33. Nxf5+ gxf5
34. Re6+ Kg7 35. d5 Kf7 36. Re5 Rg8 37. Bg3 Bxg3 38. fxg3 Qxg3 39. Qh5+ Rg6 40.
Qxh7+ Rg7 41. Qxf5+ 1-0

[Event "TCh-TUR 2014"]
[Site "Konya TUR"]
[Date "2014.06.23"]
[Round "1.8"]
[White "Tepe, Efe Can"]
[Black "Ozates, Tuna"]
[Result "1-0"]
[WhiteElo "1817"]
[BlackElo "1850"]
[WhiteTeam "Ego Spor Kulubu"]
[BlackTeam "Samandag Altin Piyon"]
[WhiteFideId "6348297"]
[BlackFideId "6354521"]
[EventDate "2014.06.23"]

1. e4 Nf6 2. e5 Nd5 3. c4 Nb6 4. d4 d6 5. exd6 cxd6 6. Nc3 g6 7. Be3 Bg7 8. Be2
O-O 9. Nf3 Nc6 10. O-O Bg4 11. b3 e5 12. dxe5 dxe5 13. h3 Bxf3 14. Bxf3 -- 1-0

[Event "TCh-TUR 2014"]
[Site "Konya TUR"]
[Date "2014.06.23"]
[Round "1.8"]
[White "Yalcin, Ozgun"]
[Black "Arslan, Erdal"]
[Result "1/2-1/2"]
[WhiteElo "1880"]
[BlackElo "2017"]
[WhiteTeam "Ego Spor Kulubu"]
[BlackTeam "Samandag Altin Piyon"]
[WhiteFideId "6336400"]
[BlackFideId "6318916"]
[EventDate "2014.06.23"]

1. c4 e5 2. g3 Nf6 3. Bg2 g6 4. Nc3 Bg7 5. e4 Nc6 6. Nge2 d6 7. O-O O-O 8. f4
exf4 9. gxf4 Bg4 10. d4 Nd7 11. Be3 Na5 12. b3 c5 13. Rc1 Nc6 14. Qd2 Qa5 15.
Bf3 Bh3 16. Bg2 Bxg2 17. Kxg2 Nf6 18. d5 Ne7 19. f5 Kh8 20. Bh6 Neg8 21. Bxg7+
Kxg7 22. Ng3 Rfe8 23. fxg6 hxg6 24. Rxf6 Nxf6 25. Qg5 Re5 26. Nf5+ Rxf5 27. exf5
Re8 28. fxg6 Re5 29. Qg3 fxg6 30. Rf1 Qd8 31. Qh4 Qe7 32. Kh1 a6 33. Rg1 Qf7 34.
Rf1 g5 35. Qh3 g4 36. Qh4 Qg6 37. Qf2 Qh5 38. Qg3 Rf5 39. -- 1/2-1/2

[Event "TCh-TUR 2014"]
[Site "Konya TUR"]
[Date "2014.06.23"]
[Round "1.8"]
[White "Yassibag, Ipek Asli"]
[Black "Zengin, Hande"]
[Result "1/2-1/2"]
[WhiteElo "1499"]
[BlackElo "1616"]
[WhiteTeam "Samandag Altin Piyon"]
[BlackTeam "Ego Spor Kulubu"]
[WhiteFideId "6342400"]
[BlackFideId "6360009"]
[EventDate "2014.06.23"]

1. e4 d6 2. d4 g6 3. Nc3 Nf6 4. Be3 c6 5. f3 b5 6. Bd3 Nbd7 7. Qd2 Bb7 8. g4 Qa5
9. a3 a6 10. O-O-O O-O-O 11. Qe1 Kb8 12. e5 dxe5 13. dxe5 Nd5 14. Be2 Qc7 15.
Nxd5 cxd5 16. Bg5 Nb6 17. Qf2 Ka7 18. -- 1/2-1/2

[Event "TCh-TUR 2014"]
[Site "Konya TUR"]
[Date "2014.06.23"]
[Round "1.8"]
[White "Yelken, Mustafa"]
[Black "Szabo, Bence"]
[Result "0-1"]
[BlackTitle "IM"]
[WhiteElo "2080"]
[BlackElo "2410"]
[WhiteTeam "Ego Spor Kulubu"]
[BlackTeam "Samandag Altin Piyon"]
[WhiteFideId "6334482"]
[BlackFideId "733776"]
[EventDate "2014.06.23"]

1. e4 c5 2. Nf3 Nc6 3. d4 cxd4 4. Nxd4 Qb6 5. Nb3 Nf6 6. Nc3 e6 7. Be3 Qc7 8.
Bd3 d6 9. O-O a6 10. a4 b6 11. Qe2 Be7 12. f4 O-O 13. Rae1 Nd7 14. Rf3 Nb4 15.
Rh3 g6 16. g4 Nc5 17. Nxc5 bxc5 18. Bf2 Re8 19. Qd2 Bf8 20. Bf1 Bb7 21. Bg2 Nc6
22. Rd1 Rab8 23. Ne2 Ba8 24. b3 Rb4 25. Be1 c4 26. Qc1 Rbb8 27. Bf2 Nd4 0-1

[Event "TCh-TUR 2014"]
[Site "Konya TUR"]
[Date "2014.06.23"]
[Round "1.8"]
[White "Yildizak, Goksel"]
[Black "Ciftci, Ergin"]
[Result "0-1"]
[WhiteElo "1702"]
[BlackElo "1942"]
[WhiteTeam "Samandag Altin Piyon"]
[BlackTeam "Ego Spor Kulubu"]
[WhiteFideId "6315500"]
[BlackFideId "6341004"]
[EventDate "2014.06.23"]

1. d4 Nf6 2. Nf3 c5 3. g3 cxd4 4. Nxd4 Nc6 5. Nb3 g6 6. Bg2 Bg7 7. e4 d6 8. h3
Bd7 9. O-O O-O 10. c3 Ne5 11. Nd4 Rb8 12. b3 a6 13. Be3 Nc6 14. Nd2 Rc8 15. Rc1
Nb8 16. Re1 b5 17. Qe2 Rc7 18. Kh2 Qc8 19. Qd3 Rd8 20. Ne2 Rf8 21. Bb6 Rb7 22.
Bd4 Bc6 23. c4 b4 24. Ba1 Rc7 25. Nf4 Nbd7 26. Nd5 Bxd5 27. exd5 Nc5 28. Qf3 a5
29. Bxf6 Bxf6 30. Ne4 Nxe4 31. Qxe4 Qd7 32. h4 Ra8 33. Bh3 Qd8 34. h5 Qf8 35.
hxg6 hxg6 36. Kg2 Qh6 37. Rh1 Qd2 0-1

[Event "TCh-TUR 2014"]
[Site "Konya TUR"]
[Date "2014.06.23"]
[Round "1.9"]
[White "Benk, Tolga Tugay"]
[Black "Kalyoncu, Efe"]
[Result "1-0"]
[WhiteElo "1759"]
[BlackElo "1761"]
[WhiteTeam "Sader Satranc Spor Kulubu"]
[BlackTeam "Gokce Ada Spor Kulubu"]
[WhiteFideId "6309488"]
[BlackFideId "6304303"]
[EventDate "2014.06.23"]

1. e4 e6 2. d4 d5 3. Nc3 Nf6 4. Bg5 Bb4 5. e5 h6 6. exf6 hxg5 7. fxg7 Rg8 8. Qd3
Rxg7 9. O-O-O Bd7 10. Nge2 Bc6 11. g3 a6 12. Bg2 Nd7 13. f4 gxf4 14. Nxf4 Qg5
15. Kb1 O-O-O 16. Nce2 Bb5 17. Qb3 Bd6 18. h4 Qh6 19. a4 Bc4 20. Qf3 Rdg8 21.
Rh3 Bxe2 22. Nxe2 Nf6 23. Qb3 Ne4 24. Rf1 Qd2 25. Bf3 f5 26. Bh1 Rg4 27. Qf3 Qb4
28. h5 Rh8 29. Qe3 Kd7 30. Nf4 -- 1-0

[Event "TCh-TUR 2014"]
[Site "Konya TUR"]
[Date "2014.06.23"]
[Round "1.9"]
[White "Dai, Irmak"]
[Black "Oncu, Tugce"]
[Result "1-0"]
[WhiteElo "1558"]
[BlackElo "1424"]
[WhiteTeam "Sader Satranc Spor Kulubu"]
[BlackTeam "Gokce Ada Spor Kulubu"]
[WhiteFideId "6336426"]
[BlackFideId "6365604"]
[EventDate "2014.06.23"]

1. e4 c5 2. Nf3 d6 3. d4 cxd4 4. Nxd4 Nf6 5. Nc3 g6 6. Be2 Bg7 7. Be3 Nc6 8. O-O
O-O 9. Qd2 Bd7 10. f4 Ng4 11. Bxg4 Bxg4 12. f5 gxf5 13. Nxf5 Bxf5 14. exf5 Kh8
15. Nd5 Ne5 16. Bh6 Rg8 17. Bxg7+ Rxg7 18. Nxe7 Ng4 19. f6 Nxf6 20. Rxf6 Qxe7
21. Rxd6 Rag8 22. g3 Re8 23. Rd1 f6 24. Rd8 Rxd8 25. Qxd8+ Qxd8 26. Rxd8+ Rg8
27. Rxg8+ Kxg8 28. Kf2 Kf7 29. Ke3 Ke6 30. Ke4 f5+ 31. Kf4 h6 32. h4 Kf6 33. c4
b6 34. b4 a6 35. g4 fxg4 36. Kxg4 a5 37. c5 1-0